00410cam a2200145 i 450000500170000001000130001702000260003003500130005608200060006910000230007524500690009826000330016730000450020070000190024520180803125858.0 aB-701179 a9789386106681c325.00 aB-70117904aS1 aStilton, Geronimo,14aAnd the madagascar madness /cGeronimo Stilton and Thea Stilton  aNew York bScholastic c2016 a162pbcolor illustrations ;c20 cm (pbk) aStilton, Thea